Sports Quiz

Random Sports or MLB Quiz

MLB Team Trios Quiz Stats

 Plays Quiz Updated Sep 17, 2018

Score 0/12 Timer 01:30
11 Plays Today
% Correct
Athletics
96.5%
Pirates
91.1%
Angels
88.6%
Astros
86.4%
Phillies
85.4%
Mets
84.7%
Marlins
84.6%
Mariners
82.3%
Braves
79.5%
Brewers
74.7%
Padres
71.7%
Blue Jays
62.8%

You're not logged in!

Compare scores with friends on all Sporcle quizzes.
OR
Log In

Sporcle TV

Today on Sporcle TV


Watch our educational content, quiz creation guides, and fun videos on Sporcle TV.

Show Comments

Extras

Top Quizzes Today


Score Distribution

Your Account Isn't Verified!

In order to create a playlist on Sporcle, you need to verify the email address you used during registration. Go to your Sporcle Settings to finish the process.

Report this User

Report this user for behavior that violates our Community Guidelines.

Details: